000 00228nam a2200097Ia 4500
001 764986
005 20250826165313.0
008 250824s9999 xx 000 0 und d
245 0 _aROBOSÜP
_cSUSAN GATES
260 _bMARTI YAYINLARI
999 _c764986
_d764986